| 000 | 00645nam a22001577a 4500 | ||
|---|---|---|---|
| 003 | OSt | ||
| 005 | 20151002152639.0 | ||
| 008 | 151002b xxu||||| |||| 00| 0 eng d | ||
| 040 | _cRUA | ||
| 082 | _aAVM ING 1995 B068 OR.1 | ||
| 100 |
_91790 _aING, RATVIBOL. |
||
| 245 | _aAnimal raising management in rohathteuk commune mongkol borei province, ការគ្រប់គ្រងការចិញ្ចឹមសត្វនៅឃុំរហាត់ទឹកស្រុក អង្គរបុរី ខេត្តបន្ទាយមានជ័យ | ||
| 260 |
_aPhnom Penh _bRUA _c1995 |
||
| 300 |
_a93p. _bill. _c29cm. |
||
| 942 |
_2ddc _cAVM |
||
| 999 |
_c1689 _d1689 |
||